000 00609nam a2200217Ia 4500
001 7314
003 14752
005 20241206062712.0
008 ||||||n9999 ||| || ||
041 _aspa
100 _aUrrea Uyaban, Germán
_912933
245 0 _aAdministración de recursos físicos
260 _aBogotá :
_bEscuela Superior de Administración Pública - ESAP,
_c1988.
300 _a86p.
490 _aCuadernos esap
_v6
562 _e30
650 0 _aAdministración de recursos
_96663
650 _aPROPIEDAD MUNICIPAL--ADMINISTRACION--COLOMBIA
_912934
942 _cCOD
942 _cCOD
999 _c7314
_d7314